000 00401nam a2200169Ia 4500
008 230524s9999 xx 000 0 und d
020 _a9788131500293
082 _a331
_bZIK
100 _aW.G.Zikmund
245 0 _aBusiness Research Methods
250 _a7TH
260 _aNEW DELHI
_bCengage
_c2008
300 _aXII;744
500 _aQuantity Number: 30
650 _aManagement
942 _cBK
999 _c42548
_d42548